| 000 | 00392nam a22001697a 4500 | ||
|---|---|---|---|
| 999 |
_c10953 _d10953 |
||
| 003 | OSt | ||
| 008 | 210814b ||||| |||| 00| 0 eng d | ||
| 020 | _a9788183858779 | ||
| 082 |
_a294.114 _bTUA |
||
| 100 | G | _aRAM, Tulsi | |
| 245 | _aAtharva Veda: Vol-2 | ||
| 250 | _aEd | ||
| 260 |
_aDelhi _bArsh Sahitya Prachar Trust _c2013 |
||
| 300 | _a1165 | ||
| 650 | _aReligious | ||
| 942 |
_2ddc _cBK |
||